Cities with WFA Football Teams - Statistics

General Stats
  • This quiz has been taken 17 times
  • The average score is 6 of 10
Answer Stats
Team Name City % Correct
Minnesota Vixen Minneapolis
94%
Nevada Storm Reno
81%
____ Divas Washington
75%
____ Elite Mustangs Dallas
69%
____ Renegades Boston
63%
____ Inferno Tampa
63%
____ Passion Pittsburgh
56%
____ Slam St. Louis
56%
____ Impact Arlington
25%
Cali War Torrance
13%
No matching quizzes found
Score Distribution
Percent of People with Each Score
Percentile by Number Answered
Your Score History
You have not taken this quiz